000 03738nab a2200373 i 4500
003 BR-BrBNA
005 20240509151328.0
008 240509b2022 bl.ar|pooa||| 00| 0 eng |
040 _aBR-BrBNA
_beng
072 _aF50
_b3240
072 _aK10
100 _aAguiar Júnior, Adênio Louzeiro de
100 _aOliveira Neto, Silvio Nolasco de
100 _aSoares, Carlos Pedro Boechat
100 _aMüller, Marcelo Dias
100 _aObolari, Amana Magalhães de Matos
100 _aCalsavara, Leonardo Henrique Ferreira
245 _aEucalypt clone modelling in agrosilvopastoral systems
500 _a Publicação on-line; 31 ref.; 4 tables; Summaries (En, Pt)
520 _a Abstract – The objective of this work was to evaluate height-diameter, volumetric, and taper models to estimate the height, volume, and bole profile of trees of eucalypt clones (Eucalyptus grandis × Eucalyptus urophylla) in an agrosilvopastoral system. Data were collected from permanent plots in an eight year-old agrosilvopastoral system, composed by three eucalypt clones (VE01, VE06, and VE07), located in the municipality of Coronel Xavier Chaves, in the state of Minas Gerais, Brazil. Two height-diameter, three volumetric, and four taper models were fit to the data of each clone and compared to each other, in order to select the best-fitting one. The equations fitted well to the observed data, and those of the models of Campos, Schumacher-Hall, and Garay stood out as the best ones. In addition, Graybill’s F-test showed that the height-diameter and volumetric equations must be fitted separately for each genetic material. The model of Garay was the best taper model to estimate the bole profiles of all clones using a single equation. Index terms: crop-livestock-forest integration, genetic material, tree component, volume production.
520 _a Resumo – O objetivo deste trabalho foi avaliar modelos hipsométricos, volumétricos e de afilamento para estimar a altura, o volume e o perfil do fuste de árvores de clones de eucalipto (Eucalyptus grandis × Eucalyptus urophylla), em sistema agrossilvipastoril. Foram coletados dados de parcelas permanentes em sistema agrossilvipastoril com oito anos de idade, composto por três clones de eucalipto (VE01, VE06 e VE07), localizado no município de Coronel Xavier Chaves, no estado de Minas Gerais, Brasil. Dois modelos hipsométricos, três volumétricos e quatro de afilamento foram ajustados aos dados de cada clone e comparados entre si para selecionar o mais bem ajustado. As equações se ajustaram bem aos dados observados, e aquelas dos modelos de Campos, Schumacher-Hall e Garay se destacaram como as melhores. Além disto, o teste F de Graybill mostrou que as equações hipsométricas e volumétricas devem ser ajustadas separadamente para cada material genético. O modelo de Garay foi o melhor modelo de afilamento para estimar perfis de fuste de todos os clones, com uma única equação. Termos para indexação: integração lavoura-pecuária-floresta, material genético, componente arbóreo, produção volumétrica.
650 _aEUCALIPTO
650 _aLAVOURA
650 _aPECUÁRIA
650 _aFLORESTA
650 _aINTEGRAÇÃO
650 _aANATOMIA VEGETAL
650 _aALTURA
650 _aDIÂMETRO
773 0 _0920
_925802
_dBrasília-DF Empresa Brasileira de Pesquisa Agropecuária - EMBRAPA 1966-
_o2023-436358
_tPesquisa Agropecuária Brasileira (Brazil)
_x0100-204X
_gv. 57 p. 1-10; (2022)
_wBR2024000648
856 _uhttps://www.scielo.br/j/pab/a/cQVXG58Tz3p6qWQfx38xyrj/?format=pdf&lang=en
942 _cAnalítica
999 _c299521
_d299521